| Tag |
First Indicator |
Second Indicator |
Subfields |
| LEADER |
00000cam a2200000Ia 4500 |
| 001 |
in00002002002 |
| 005 |
20151031130706.0 |
| 008 |
920204s1985 mauab b 000 0 eng d |
| 035 |
|
|
|a (OCoLC)ocm25214942
|
| 040 |
|
|
|a ORE
|c ORE
|d TXA
|d UtOrBLW
|
| 043 |
|
|
|a l------
|
| 049 |
|
|
|a TXAM
|
| 050 |
|
4 |
|a GC1
|b .W582 no.85-7
|
| 100 |
1 |
|
|a Levy-Ryan, Ellen.
|
| 245 |
1 |
0 |
|a Moored current meter data from the Atlantic north equatorial countercurrent near 6⁰ N 28⁰ W (March-October, 1984) :
|b vol. XXXVII /
|c by Ellen Levy and Philip L. Richardson.
|
| 264 |
|
1 |
|a Woods Hole, Mass. :
|b Woods Hole Oceanographic Institution,
|c 1985.
|
| 300 |
|
|
|a 1 volume :
|b illustrations, map ;
|c 28 cm.
|
| 336 |
|
|
|a text
|b txt
|2 rdacontent
|
| 337 |
|
|
|a unmediated
|b n
|2 rdamedia
|
| 338 |
|
|
|a volume
|b nc
|2 rdacarrier
|
| 490 |
1 |
|
|a a Woods Hole Oceanographic Institution ;
|v WHOI-85-7.
|a Technical report
|
| 504 |
|
|
|a Includes bibliographical references.
|
| 500 |
|
|
|a "February 1985."
|
| 650 |
|
0 |
|a Deep-sea moorings.
|
| 650 |
|
0 |
|a Ocean currents
|z Atlantic Ocean.
|
| 650 |
|
0 |
|a Ocean temperature
|z Atlantic Ocean.
|
| 700 |
1 |
|
|a Richardson, Philip L.
|q (Philip Livermore),
|d 1940-
|
| 830 |
|
0 |
|a Woods Hole Oceanographic Institution (Series) ;
|v no. 85-7.
|
| 830 |
|
0 |
|a Technical report (Woods Hole Oceanographic Institution)
|
| 994 |
|
|
|a E0
|b TXA
|
| 948 |
|
|
|a cataloged
|b h
|c 2004/11/4
|d c
|e jlanham
|f 9:04:37 am
|
| 999 |
|
|
|a MARS
|
| 999 |
f |
f |
|s 747e2030-a2fe-3c88-ae23-e0844c19b7b5
|i 5c813399-a49e-3d80-a514-3fc549825755
|t 0
|
| 952 |
f |
f |
|p ric
|a Texas A&M University
|b Rellis Campus
|c Joint Library Facility
|d Remote Storage
|t 0
|e GC1 .W582 no.85-7
|h Library of Congress classification
|i unmediated -- volume
|m A14831589880
|
| 998 |
f |
f |
|a GC1 .W582 no.85-7
|t 0
|l Remote Storage
|